000 00393nam a22001457a 4500
008 250708b |||||||| |||| 00| 0 eng d
020 _a9781573920908
050 _aE 839.5
_b.A45
100 _aAllen Steve
245 _aBut Seriously: Steve Allen Speaks His Mind
260 _aNew York
_bPrometheus Books
_c1996
300 _a392p.
650 _aSocial problem-United States
942 _cBK
999 _c4181
_d4181